书目信息 |
| 题名: |
性别传播的研究与行动
|
|
| 作者: | 刘利群 , 辛格 主编 | |
| 分册: | ||
| 出版信息: | 北京 中国传媒大学出版社 2012.07 |
|
| 页数: | 220页 | |
| 开本: | 24cm | |
| 丛书名: | 传媒研究新视野丛书 | |
| 单 册: | ||
| 中图分类: | G206.2 , D442.6 | |
| 科图分类: | ||
| 主题词: | 女性--关系--传播媒介--研究--概况--中国 , 女性 , 传播媒介 | |
| 电子资源: | ||
| ISBN: | 978-7-5657-0488-8 | |
| 000 | 01257oam2 2200301 450 | |
| 001 | 010700134193 | |
| 005 | 20130701082727.54 | |
| 010 | @a978-7-5657-0488-8@dCNY48.00 | |
| 100 | @a20120730d2012 em y0chiy0110 ea | |
| 101 | 0 | @achi@eeng |
| 102 | @aCN@b110000 | |
| 105 | @aa z 000yy | |
| 106 | @ar | |
| 200 | 1 | @a性别传播的研究与行动@9xing bie zhuan bo de yan jiu yu xing dong@e联合国教科文组织“媒介与女性”教席五年发展实录@f刘利群,辛格(Abhimanyu Singh)主编 |
| 210 | @a北京@c中国传媒大学出版社@d2012.07 | |
| 215 | @a220页@c彩照(12页),照片@d24cm | |
| 225 | 1 | @a传媒研究新视野丛书@h第二辑 |
| 330 | @a本书记录了联合国教科文组织“媒介与女性”教席2005-2010年以来的发展轨迹,内容涉及教席教学科研、业界学界合作、国际交流、教席使命、媒介与女性研究理论建构、媒介与女性议题思考等。 | |
| 517 | 1 | @a联合国教科文组织“媒介与女性”教席五年发展实录@9lian he guo jiao ke wen zu zhi mei jie yu nv xing jiao xi wu nian fa zhan shi lu |
| 606 | 0 | @a女性@x关系@x传播媒介@x研究@x概况@y中国 |
| 606 | 0 | @a女性 |
| 606 | 0 | @a传播媒介 |
| 690 | @aG206.2@v5 | |
| 690 | @aD442.6@v5 | |
| 701 | 0 | @a刘利群@9liu li qun@c(女,传媒)@4主编 |
| 701 | 0 | @c( )@a辛格@9xin ge@c(Singh, Abhimanyu)@4主编 |
| 801 | 0 | @aCN@bNLC@c20120928 |
| 905 | @b544965-69@dG206.2@e557@f5 | |
| 性别传播的研究与行动:联合国教科文组织“媒介与女性”教席五年发展实录/刘利群,辛格(Abhimanyu Singh)主编.-北京:中国传媒大学出版社,2012.07 |
| 220页:彩照(12页),照片;24cm.-(传媒研究新视野丛书.第二辑) |
| ISBN 978-7-5657-0488-8:CNY48.00 |
| 本书记录了联合国教科文组织“媒介与女性”教席2005-2010年以来的发展轨迹,内容涉及教席教学科研、业界学界合作、国际交流、教席使命、媒介与女性研究理论建构、媒介与女性议题思考等。 |
| ● |
| 相关链接 |
|
|
|
|
正题名:性别传播的研究与行动
索取号:G206.2/557
 
预约/预借
| 序号 | 登录号 | 条形码 | 馆藏地/架位号 | 状态 | 备注 |
| 1 | 544965 | 205449656 | 第一样本阅览室/ [索取号:G206.2/557] | 在馆 | |
| 2 | 544966 | 205449665 | 第四借阅区/ [索取号:G206.2/557] | 在馆 | |
| 3 | 544967 | 205449674 | 第四借阅区/ [索取号:G206.2/557] | 在馆 | |
| 4 | 544968 | 205449683 | 教育系资料室/ [索取号:G206.2/557] | 在馆 | |
| 5 | 544969 | 205449692 | 教育系资料室/ [索取号:G206.2/557] | 在馆 |